=LDR 00000nam 2200000 4500 =001 INLIS000000000009158 =005 20200603075655 =035 ##$$a 0010-061300000009158 =008 200603################g##########0#ind## =041 ##$$a Ind =082 ##$$a 2x3.131 =090 ##$$a 297.218, Fat m =100 ##$$a Yakan, Fathi =245 1#$$a Muslim harapan Allah dan Rasul-Nya /$c Fathi Yakan; Penerjemah, Burhan Wirasubrata =260 ##$$a Jakarta :$b Cendekia,$c 2002 =300 ##$$a 156 hlm, ; $c 20 x 14 cm. =650 #4$$a Manusia(Islam) =020 ##$$a 979-3000-21-x =084 ##$$a 2x3.131 YAK m =700 #$$a Wirasubrata, Burhan =990 ##$$a DW00024580 =990 ##$$a DW00024581 =990 ##$$a 170.221/Pb-2002